000 00627nam a2200229Ia 4500
003 OSt
005 20221007074245.0
006 a|||||r|||| 00| 0
007 ta
008 221006b |||||||| |||| 00| 0 eng d
024 _a27,425
037 _cTextual
040 _aFLL
_cFLL
_beng
041 _2eng
_aeng
082 _aZ573,5, K5
100 _aAndenaes Johannes
_9692844
245 0 _aGeneral part of the criminal law of Norway
260 _aN.J.
_bFred B. Rothman & Co., N.J.
_c1965
300 _axxiii,1-346p
_ccm.
942 _hZ573,5, K5
_cTEXL
_2CC
999 _c1151716
_d1151716